Deportación / (Record no. 91151)

MARC details
000 -LEADER
campo de control de longitud fija 00775nam a2200205 i 4500
001 - NÚMERO DE CONTROL
campo de control 91151
003 - IDENTIFICADOR DE NÚMERO DE CONTROL
campo de control ES-MaACL
005 - FECHA Y HORA DE LA ÚLTIMA TRANSACCIÓN
campo de control 20251011165115.0
007 - CAMPO FIJO DE DESCRIPCIÓN FÍSICA--INFORMACIÓN GENERAL
campo de control de longitud fija t|
008 - DATOS DE LONGITUD FIJA--INFORMACIÓN GENERAL
campo de control de longitud fija 050127s1969 sp afo |||| | spa d
080 ## - NÚMERO DE LA CLASIFICACIÓN DECIMAL UNIVERSAL
Número de la Clasificación Decimal Universal 940.42:343.819.5(4)"1933/45"
245 00 - MENCIÓN DEL TÍTULO
Título Deportación /
Mención de responsabilidad, etc. [dirección, André Leroy ; realizado por la Federación Nacional de Deportados e Internados Resistentes y Patriotas ; traducción de E. Sánchez Pascual].
260 ## - PUBLICACIÓN, DISTRIBUCIÓN, ETC.
Lugar de publicación, distribución, etc. Barcelona :
Nombre del editor, distribuidor, etc. Petronio,
Fecha de publicación, distribución, etc. [1969]
300 ## - DESCRIPCIÓN FÍSICA
Extensión 294 p., 3 lám. :
Otras características físicas il., fot. ;
Dimensiones 32 cm.
650 04 - PUNTO DE ACCESO ADICIONAL DE MATERIA--TÉRMINO DE MATERIA
Término de materia o nombre geográfico como elemento de entrada Guerra mundial, 1939-1945-
Subdivisión general Campos de concentración.
9 (RLIN) 13235
700 1# - ENTRADA AGREGADA--NOMBRE PERSONAL
Nombre de persona Leroy, André,
Fechas asociadas al nombre 1913-1982
9 (RLIN) 161432
700 1# - ENTRADA AGREGADA--NOMBRE PERSONAL
Nombre de persona Sánchez Pascual, Enrique.
9 (RLIN) 102835
852 ## - LOCALIZACIÓN
Ubicación ES-MaACL
Número de control de estantería C-41242
Holdings
Estatus retirado Estado de pérdida Estado de daño No para préstamo Biblioteca de origen Biblioteca actual Ubicación en estantería Fecha de adquisición Fuente de adquisición Total de préstamos Signatura topográfica completa Código de barras Visto por última vez Precio de reemplazo Tipo de ítem Koha
        Biblioteca del Ateneo de Madrid Biblioteca del Ateneo de Madrid Depósito 2 17/01/2008     C-41242 1095168 23/02/2023 23/02/2023 Libro impreso